|
|
|
|
| LEADER |
00000nam a2200000 a 4500 |
| 001 |
ELB178713 |
| 003 |
FINmELB |
| 005 |
20200520144314.0 |
| 006 |
m o d | |
| 007 |
cr cn||||||||| |
| 008 |
150303s2013 enka sb 001 0 eng d |
| 020 |
|
|
|z 9781848214705
|
| 020 |
|
|
|a 9781118579664 (electronic bk.)
|
| 035 |
|
|
|a (OCoLC)853501537
|
| 040 |
|
|
|a FINmELB
|c FINmELB
|d FINmELB
|
| 050 |
|
4 |
|a QA9.58
|b .W346 2013
|
| 082 |
0 |
4 |
|a 511.8
|2 23
|
| 100 |
1 |
|
|a Wagner, Kevin.
|
| 245 |
1 |
0 |
|a Proportionate-type normalized least mean square algorithms
|h [electronic resource] /
|c Kevin Wagner, Miloš Doroslovački.
|
| 260 |
|
|
|a London :
|b ISTE ;
|a Hoboken, N.J. :
|b Wiley,
|c c2013.
|
| 300 |
|
|
|a 1 online resource (xiv, 177 p.) :
|b ill., graphs.
|
| 490 |
0 |
|
|a Digital signal and image processing series
|
| 490 |
0 |
|
|a Focus Series
|
| 504 |
|
|
|a Includes bibliographical references and index.
|
| 588 |
|
|
|a Description based on metadata supplied by the publisher and other sources.
|
| 590 |
|
|
|a Electronic reproduction. Santa Fe, Arg.: elibro, 2022. Available via World Wide Web. Access may be limited to eLibro affiliated libraries.
|
| 650 |
|
0 |
|a Algorithms.
|
| 650 |
|
0 |
|a Computer algorithms.
|
| 650 |
|
0 |
|a Equations, Simultaneous
|x Numerical solutions.
|
| 655 |
|
4 |
|a Electronic books.
|
| 700 |
1 |
|
|a Doroslovački, Miloš.
|
| 797 |
2 |
|
|a elibro, Corp.
|
| 856 |
4 |
0 |
|u https://elibro.uam.elogim.com/ereader/bidiuam/178713
|z Texto completo
|
| 950 |
|
|
|a eLibro English
|